| 000 | 00628cam a2200193 4500 | ||
|---|---|---|---|
| 001 | ABS61276 | ||
| 008 | 000000n1999 000 0 eng u | ||
| 035 | _a(Sirsi) u101898 | ||
| 100 | _aBubshait, A. | ||
| 245 | _aTeam building and project success. | ||
| 260 | _c1999 | ||
| 490 |
_aCost Engineering _v41(7) July 1999, 34-37(4) |
||
| 520 | _aDiscusses the importance of personnel management in project management. Sets out the management principles of team building and leadership. | ||
| 650 | _aPERSONNEL MANAGEMENT | ||
| 650 | _aLEADERSHIP | ||
| 690 |
_aProject management _96261 |
||
| 700 | _aFarooq, G. | ||
| 942 | _n0 | ||
| 999 |
_c60998 _d60998 |
||